000 00673nam a2200253Ia 4500
003 OSt
005 20221007111022.0
006 a|||||r|||| 00| 0
007 ta
008 221006b |||||||| |||| 00| 0 eng d
024 _a22,383
037 _cTextual
040 _aLCO
_cLCO
_beng
041 _2eng
_aeng
082 _aX7282:(Z), M5
100 _aLakhota Ram Niwas
_9708212
245 0 _aTips on Wealth Tax and Gift Tax Saving
250 _a1st
260 _aCalcutta
_bAsha Publishing House India
_c1985
300 _a156
650 _aGIFT TAX
_9292872
942 _hX7282:(Z), M5
_cTEXL
999 _c1191946
_d1191946